000
00380nam a22001577a 4500
003
MPLRDC
005
20220104123338.0
008
210129b ||||| |||| 00| 0 eng d
082
_a
496.18 MJC
100
_a
马均成编
245
_a
包装手册
_c
260
_a
_b
国际出版社
_c
300
_b
平
650
_a
商品; 品牌--包装与标示
942
_c
BK
_o
496.18 MJC
999
_c
10659
_d
10649